| 000 | 01485nam a22003377a 4500 | ||
|---|---|---|---|
| 003 | DO-SdBNP | ||
| 005 | 20260521073717.0 | ||
| 007 | ta | ||
| 008 | 210721b 2020 dr a 00| 0 eng d | ||
| 020 | _a9789945613711 | ||
| 040 |
_aDO-SdBNP _bspa _cBNPHU |
||
| 082 | 4 |
_a305.420951 _bS225m _222 |
|
| 100 | 1 |
_aSang, Mu-Kien A. _d1955- _q(Mu-Kien Adriana) _9331 |
|
| 245 | 1 | 3 |
_aLa mujer china : del dolor a la esperanza _bdel dolor a la esperanza / _cMu-Kien Adriana Sang Ben ; prólogo I Ramón Arturo ; prólogo II Muyien Sang de Suárez ; cuidado de edición Daniel García. |
| 260 |
_aSanto Domingo : _bArchivo General de la Nación, _c2020. |
||
| 300 |
_a264 p. : _bilustraciones ; _c23 cm. |
||
| 490 | 1 |
_aArchivo General de la Nación ; _v401 |
|
| 500 | _aIncluye datos biográficos de la autora en las solapas | ||
| 500 | _aIncluye referencias bibliográficas y notas al pie de las páginas. | ||
| 504 | _aBibliografía : p. 257-261 | ||
| 590 | _aInventariado, 2021 /LP | ||
| 650 | 4 |
_aMujeres _zChina _xCondiciones sociales _982011 |
|
| 650 | 4 |
_aMujeres en desarrollo _zChina _xHistoria _982012 |
|
| 651 | 4 |
_aChina _xEmigración e inmigración _xHistoria _982013 |
|
| 700 | 1 |
_aRamón Arturo, _eprólogo I _979331 |
|
| 700 | 1 |
_aSang, Mu-Kien A. _d1955- _q(Mu-Kien Adriana) _eprólogo II _9331 |
|
| 700 | 1 |
_aGarcía, Daniel, _ecuidado de edición _979333 |
|
| 830 | 0 |
_aArchivo General de la Nación ; _n401 _979334 |
|
| 910 | _aLopérez. Validado, 2022/MFF | ||
| 942 |
_2ddc _cLBS1 |
||
| 999 |
_c50157 _d50157 |
||